00907 2200253 4500001002100000005001700021008004100038020001800079035002400097043001200121082001400133084002400147100001400171245019600185260009300381300003600474504001100510650002700521650002700548700002400575850001200599990002100611999002100632YOGYA-0511000000202820170418145056.0 ind  a979-9042-56-9 0010-051100000002027 aYOPDYOG a363.44072 aDEP 363.44072 Suw P aSUWARTONO aPenelitian tentang pelaksanaan dan hasil evaluasi belajar pelayanan kesejahteraan sosial wanita tuna susila di panti sosial karya wanita Sidoarum Yogyakartac/ Suwantoro , Andayani listyawati aYogyakartabBalai Besar Penelitian dan Pengembangan Pelayanan Kesejahteraan sosialc1997 aiii, 30 hlm.b: ilus.c; 21 cm. ahlm 28 aWanitaxKeadaan sosial aPelacuran - penelitian aAndayani Listyawati aYOPDYOG aCB-D.11/1997-325 aCB-D.11 1997-325